000 00352nam a2200145Ia 4500
008 230917s9999||||xx |||||||||||||| ||und||
040 _e30547
_aMAIN
041 _aEnglish
082 _a330.122 S87C
100 _aSaunders, Peter
245 0 _aCapitalism: A social audit
260 _aDelhi
_bWorldview
_c1998
300 _avii, 140 p.
942 _cBK
999 _c101829
_d101829